[Event "RSSS-ch"]
[Site "Ekaterinburg"]
[Date "2014.09.29"]
[Round "6"]
[White "Pasiev, Rakhim"]
[Black "Sjugirov, Sanan"]
[Result "1/2-1/2"]
[WhiteElo "2393"]
[BlackElo "2664"]
[PlyCount "84"]
[EventDate "2014.09.23"]
[EventType "swiss"]
[EventRounds "9"]
[EventCountry "RUS"]
[SourceTitle "EXT 2015"]
[Source "ChessBase"]
[SourceDate "2014.11.20"]
[SourceVersion "1"]
[SourceVersionDate "2014.11.20"]
[SourceQuality "1"]

1. e4 c5 2. Nf3 e6 3. d4 cxd4 4. Nxd4 a6 5. Bd3 Bc5 6. Nb3 Be7 7. Qg4 g6 8. Qe2 d6 9. c4 Nd7 10. Nc3 b6 11. 0-0 Qc7 12. Be3 Bb7 13. Rac1 Ngf6 14. Bh6 Bf8 15. Bxf8 Kxf8 16. f4 Kg7 17. Kh1 Rhe8 18. Rce1 Rad8 19. Qf2 Nc5 20. Bb1 Nxb3 21. axb3 Qc5 22. Qh4 b5 23. e5 Ng8 24. Be4 b4 25. Bxb7 bxc3 26. Bxa6 cxb2 27. Bb5 Rf8 28. Qf2 Qa3 29. Qc2 dxe5 30. fxe5 Qb4 31. Qxb2 Rd2 32. Qc1 Nh6 33. Rd1 Rfd8 34. Rxd2 Rxd2 35. Qe1 Qc3 36. c5 Qd4 37. c6 Qd5 38. Be2 Rc2 39. Bf3 Qb5 40. Qd1 Nf5 41. Re1 Qb4 42. Be4 Rc5 1/2-1/2